[Event "EU-ch (Women) 20th"]
[Site "Antalya"]
[Date "2019.04.12"]
[Round "2"]
[White "Khukhashvili, Sopiko"]
[Black "Zubova, Mariya"]
[Result "1/2-1/2"]
[WhiteElo "2342"]
[BlackElo "2149"]
[PlyCount "96"]
[EventDate "2019.04.11"]
[EventType "swiss"]
[EventRounds "11"]
[EventCountry "TUR"]
[SourceTitle "CBM 190"]
[Source "ChessBase"]
[SourceDate "2019.06.30"]
[SourceVersion "1"]
[SourceVersionDate "2019.06.30"]
[SourceQuality "1"]

1. e4 e5 2. Nf3 Nc6 3. Bb5 a6 4. Ba4 Nf6 5. 0-0 Nxe4 6. Re1 Nc5 7. Bxc6 dxc6 8. Nxe5 Be7 9. d4 Ne6 10. c3 0-0 11. f4 f6 12. Nf3 Qd5 13. Qd3 Bd6 14. c4 Qh5 15. g3 Rd8 16. Nc3 Bc5 17. Ne2 Nxd4 18. Nfxd4 Bxd4+ 19. Nxd4 c5 20. Qf3 Bg4 21. Qxb7 cxd4 22. Qxc7 Be2 23. Bd2 d3 24. b3 Qg4 25. Qc6 h5 26. Qg2 Qd7 27. Qf2 Re8 28. Rac1 Rac8 29. c5 Re4 30. Rc3 Qc6 31. Qg2 Bf3 32. Qf2 Be2 33. Qg2 Rce8 34. Qf2 f5 35. h3 h4 36. gxh4 R8e6 37. Kh2 Bh5 38. Be3 Be2 39. Bd2 Qd5 40. c6 Rxc6 41. Rxc6 Qxc6 42. Rc1 Qb7 43. Rc5 Bd1 44. Re5 Qc7 45. Rxe4 fxe4 46. b4 Qc2 47. a3 Bf3 48. Kg3 Qc6 1/2-1/2

[Event "Prague op"]
[Site "Prague"]
[Date "2019.03.10"]
[Round "3"]
[White "Skomorokhin, Roman"]
[Black "Zubova, Mariya"]
[Result "1-0"]
[WhiteElo "2323"]
[BlackElo "2117"]
[PlyCount "49"]
[EventDate "2019.03.09"]
[EventType "swiss"]
[EventRounds "9"]
[EventCountry "CZE"]
[SourceTitle "CBM 189 Extra"]
[Source "ChessBase"]
[SourceDate "2019.06.03"]
[SourceVersion "1"]
[SourceVersionDate "2019.06.03"]
[SourceQuality "1"]

1. Nf3 Nf6 2. c4 g6 3. Nc3 Bg7 4. e4 d6 5. d4 0-0 6. h3 e5 7. d5 h6 8. Be3 Nbd7 9. g4 Ne8 10. Qd2 Kh7 11. Bd3 c6 12. Bc2 Nb6 13. b3 cxd5 14. cxd5 Bd7 15. Rc1 Nc7 16. Ng1 Nc8 17. Nge2 Qh4 18. Ng3 Ne7 19. Nce2 Bf6 20. Bd3 Rfc8 21. Qb4 Bg5 22. Qxd6 Bb5 23. Bxg5 Qxg5 24. h4 Ne8 25. Qa3 1-0